000
00299nam a22001337a 4500
008
170315b xxu||||| |||| 00| 0 eng d
020
_a
060440236
041
_a
eng
080
_2
3RD
_a
591
100
_a
7
101
_a
SHM
245
_a
GENERAL AND APPLIED ENTOMOLOGY
_c
LITTLE, V.A
942
_2
udc
_c
BK
999
_c
7817
_d
7817